[Event "BRA-ch U26"]
[Site "Goiania"]
[Date "2017.10.21"]
[Round "5"]
[White "Gomes, Luis Gustavo M Nev"]
[Black "Miquelin, Nicolas Seoane"]
[Result "1/2-1/2"]
[WhiteElo "2023"]
[BlackElo "1992"]
[PlyCount "192"]
[EventDate "2017.10.19"]
[EventType "swiss"]
[EventRounds "7"]
[EventCountry "BRA"]
[SourceTitle "CBM 181 Extra"]
[Source "ChessBase"]
[SourceDate "2017.12.12"]
[SourceVersion "1"]
[SourceVersionDate "2017.12.12"]
[SourceQuality "1"]

1. e4 c5 2. Nf3 g6 3. Bc4 Bg7 4. 0-0 e6 5. c3 Ne7 6. d4 cxd4 7. cxd4 d5 8. Bb5+ Bd7 9. Bxd7+ Nxd7 10. e5 0-0 11. Bg5 Re8 12. Nc3 Qb6 13. Qa4 Nc6 14. Qb5 a6 15. Qd3 Rec8 16. Qd2 Na5 17. b3 Bf8 18. Qe3 Nc6 19. h4 h5 20. Ne2 Ne7 21. Ng3 Nf5 22. Nxf5 exf5 23. Qd3 Bb4 24. Bd2 Be7 25. Rac1 Nf8 26. Bg5 Ba3 27. Rc2 Ne6 28. Rd1 Rc6 29. Bc1 Be7 30. Rxc6 Qxc6 31. Bb2 Rc8 32. Rc1 Qd7 33. Rxc8+ Qxc8 34. Qc3 Qxc3 35. Bxc3 Kf8 36. g3 b5 37. Kf1 Ke8 38. Ke2 Kd7 39. Kd3 f4 40. Bd2 fxg3 41. fxg3 Ng7 42. Ng1 Nf5 43. Ne2 Kc6 44. a4 bxa4 45. bxa4 Bd8 46. Be1 Bb6 47. Bf2 Ba5 48. Nf4 Ng7 49. Ne2 Bb4 50. Nc1 Ne6 51. Nb3 Ng7 52. Nc1 Nf5 53. Kc2 Bf8 54. Nd3 Be7 55. Kc3 Bf8 56. Kb3 Be7 57. Kc3 Bf8 58. e6 fxe6 59. Ne5+ Kc7 60. Nxg6 Bd6 61. Ne5 Bxe5 62. dxe5 Ne7 63. Be3 Kd7 64. Kd3 Nc6 65. Bf4 Ke7 66. Ke3 Kf7 67. Kf3 Nd4+ 68. Ke3 Nf5+ 69. Kd3 Ke7 70. Kc3 a5 71. Kd3 Kd7 72. Bd2 Nxg3 73. Bxa5 Nf5 74. Be1 Kc6 75. Bf2 Ne7 76. Ke3 Ng6 77. Kd4 Ne7 78. Kc3 Ng6 79. Bg3 Kc5 80. Bf2+ Kc6 81. Kd4 Kb6 82. Be1 Ka6 83. Bg3 Ka5 84. Kc5 Kxa4 85. Kd6 d4 86. Kxe6 d3 87. Be1 Nxh4 88. Kf6 Nf3 89. e6 Nxe1 90. e7 d2 91. e8Q+ Kb3 92. Qxh5 Nd3 93. Qd1+ Kc3 94. Qf3 Kc2 95. Qc6+ Kb1 96. Qb5+ Nb2 1/2-1/2

[Event "BRA-ch U26"]
[Site "Goiania"]
[Date "2017.10.21"]
[Round "4"]
[White "Noronha, Natanael Muana C"]
[Black "Gomes, Luis Gustavo M Nev"]
[Result "0-1"]
[WhiteElo "1846"]
[BlackElo "2023"]
[PlyCount "68"]
[EventDate "2017.10.19"]
[EventType "swiss"]
[EventRounds "7"]
[EventCountry "BRA"]
[SourceTitle "CBM 181 Extra"]
[Source "ChessBase"]
[SourceDate "2017.12.12"]
[SourceVersion "1"]
[SourceVersionDate "2017.12.12"]
[SourceQuality "1"]

1. d4 d5 2. c4 e6 3. Nc3 c6 4. Nf3 f5 5. Bg5 Nf6 6. e3 Be7 7. Bxf6 Bxf6 8. Be2 0-0 9. 0-0 Qd6 10. a3 a5 11. Rb1 b6 12. cxd5 exd5 13. Rc1 Nd7 14. Qc2 Bb7 15. Bd3 g6 16. Ne2 Bg7 17. Nf4 Rfe8 18. h4 Qf6 19. b4 Bf8 20. Qb3 a4 21. Qd1 b5 22. Bb1 Bd6 23. Nd3 Nb6 24. Nfe5 Nc4 25. Nxc4 dxc4 26. Nc5 Qxh4 27. g3 Bxg3 28. fxg3 Qxg3+ 29. Kh1 Qh3+ 30. Kg1 Rxe3 31. Rc2 Rg3+ 32. Kf2 Rg2+ 33. Ke1 Re8+ 34. Re2 Qc3+ 0-1

[Event "BRA-ch U26"]
[Site "Goiania"]
[Date "2017.10.19"]
[Round "1"]
[White "Gomes, Luis Gustavo M Nev"]
[Black "Pinheiro, Breno Linhares"]
[Result "1-0"]
[WhiteElo "2023"]
[BlackElo "1559"]
[PlyCount "73"]
[EventDate "2017.10.19"]
[EventType "swiss"]
[EventRounds "7"]
[EventCountry "BRA"]
[SourceTitle "CBM 181 Extra"]
[Source "ChessBase"]
[SourceDate "2017.12.12"]
[SourceVersion "1"]
[SourceVersionDate "2017.12.12"]
[SourceQuality "1"]

1. e4 e5 2. Nf3 Nc6 3. Bb5 Nf6 4. 0-0 Nxe4 5. Re1 Nd6 6. Nxe5 Be7 7. Bf1 0-0 8. Nf3 b6 9. d4 Bb7 10. c4 Bf6 11. Nc3 Nf5 12. d5 Nce7 13. Bd3 g6 14. Ne4 Bg7 15. Bg5 f6 16. Bd2 c5 17. Bc3 d6 18. Qd2 Bh6 19. Qe2 Bg7 20. g4 Nh6 21. Nxf6+ Bxf6 22. Qe6+ Rf7 23. Bxf6 Kf8 24. Ng5 Bc8 25. Bxe7+ Qxe7 26. Qxe7+ Rxe7 27. Rxe7 Kxe7 28. Re1+ Kd8 29. h3 Bd7 30. Nxh7 Be8 31. Re6 Bd7 32. Rxg6 Nf7 33. Rg8+ Be8 34. Nf6 Ke7 35. Rxe8+ Rxe8 36. Nxe8 Kxe8 37. Bg6 1-0

[Event "Sao Paulo op-B 2nd"]
[Site "Sao Paulo"]
[Date "2015.02.08"]
[Round "5"]
[White "Gomes, Luis Gustavo M Nev"]
[Black "Chang, Suzana"]
[Result "1/2-1/2"]
[WhiteElo "2032"]
[BlackElo "1966"]
[PlyCount "82"]
[EventDate "2015.02.05"]
[EventType "swiss"]
[EventRounds "6"]
[EventCountry "BRA"]
[SourceTitle "CBM 164 Extra"]
[Source "ChessBase"]
[SourceDate "2015.03.02"]
[SourceVersion "1"]
[SourceVersionDate "2015.03.02"]
[SourceQuality "1"]

1. d4 Nf6 2. Nf3 g6 3. c4 Bg7 4. Nc3 0-0 5. e4 d6 6. Be2 Na6 7. 0-0 e5 8. d5 Nc5 9. Qc2 a5 10. h3 Nh5 11. Rd1 Qe7 12. Be3 b6 13. a3 f5 14. b4 Nxe4 15. Nxe4 fxe4 16. Ng5 Nf4 17. Nxe4 Bf5 18. Bf1 Kh8 19. Rac1 axb4 20. axb4 g5 21. c5 bxc5 22. bxc5 h5 23. g3 Rg8 24. Kh2 Bf8 25. cxd6 cxd6 26. Qc6 Bxe4 27. Qxa8 Qf7 28. Qa4 Qf5 29. Rc4 Bf3 30. Bxf4 gxf4 31. Rd3 fxg3+ 32. fxg3 e4 33. Qb3 Bg7 34. Rxf3 exf3 35. Qd3 Qf6 36. Qe3 Rf8 37. Bd3 h4 38. Qe4 hxg3+ 39. Kxg3 Qe5+ 40. Qxe5 Bxe5+ 41. Kf2 Rf7 1/2-1/2

[Event "Sao Paulo op-B 2nd"]
[Site "Sao Paulo"]
[Date "2015.02.07"]
[Round "4"]
[White "Pritsopoulos, Constantino Demetri"]
[Black "Gomes, Luis Gustavo M Nev"]
[Result "0-1"]
[WhiteElo "1933"]
[BlackElo "2032"]
[PlyCount "118"]
[EventDate "2015.02.05"]
[EventType "swiss"]
[EventRounds "6"]
[EventCountry "BRA"]
[SourceTitle "CBM 164 Extra"]
[Source "ChessBase"]
[SourceDate "2015.03.02"]
[SourceVersion "1"]
[SourceVersionDate "2015.03.02"]
[SourceQuality "1"]

1. e4 d5 2. Nc3 dxe4 3. Nxe4 Bf5 4. Ng3 Bg6 5. h4 h6 6. h5 Bh7 7. Nf3 e6 8. d4 Nf6 9. Bd3 Bxd3 10. Qxd3 c6 11. Be3 Bd6 12. 0-0-0 Nbd7 13. Kb1 Qc7 14. Ne2 0-0-0 15. c4 c5 16. Nc3 a6 17. d5 Ne5 18. Qe2 Rhe8 19. dxe6 Rxe6 20. Nd5 Nxd5 21. cxd5 Re7 22. Nh4 Qd7 23. Qc2 Qg4 24. f4 Nc4 25. Bxc5 Rc7 26. Bxd6 Nxd6 27. Qf2 Qxh5 28. Qf3 Qxf3 29. Nxf3 Nf5 30. Rd3 Rd6 31. Rc1 Rxc1+ 32. Kxc1 Ne7 33. Ne5 f6 34. Nc4 Rd8 35. d6 Nf5 36. Nb6+ Kb8 37. d7 Kc7 38. Nd5+ Kc6 39. g4 Nd6 40. Ne7+ Kc7 41. g5 hxg5 42. fxg5 fxg5 43. Rg3 Kxd7 44. Rxg5 Kxe7 45. Rxg7+ Ke6 46. Rh7 Rd7 47. Rh6+ Ke5 48. Rh1 Ne4 49. Rh2 Rf7 50. Rh5+ Kd4 51. Rh8 Kd3 52. Rd8+ Ke3 53. Kc2 Rc7+ 54. Kb3 Nc5+ 55. Kb4 Nd3+ 56. Ka3 Kd2 57. b3 Kc3 58. Ka4 Rc5 59. Rd7 Nb2+ 0-1

[Event "Botafogo Fexerj op"]
[Site "Botafogo"]
[Date "2015.01.23"]
[Round "1"]
[White "Gomes, Luis Gustavo M Nev"]
[Black "Dos Santos, Nicolau Machado de"]
[Result "1-0"]
[WhiteElo "2006"]
[BlackElo "1770"]
[PlyCount "102"]
[EventDate "2015.01.23"]
[EventType "swiss"]
[EventRounds "6"]
[EventCountry "BRA"]
[SourceTitle "CBM 164 Extra"]
[Source "ChessBase"]
[SourceDate "2015.03.02"]
[SourceVersion "1"]
[SourceVersionDate "2015.03.02"]
[SourceQuality "1"]

1. e4 d5 2. exd5 Nf6 3. c4 c6 4. d4 cxd5 5. Nc3 e6 6. Nf3 Be7 7. Bf4 0-0 8. c5 Bd7 9. b4 b6 10. Bd3 a5 11. a3 Nh5 12. Be3 f5 13. Ne5 Nf6 14. f3 Nc6 15. Nxd7 Nxd7 16. b5 Nxd4 17. c6 Bf6 18. cxd7 Nxf3+ 19. Qxf3 Bxc3+ 20. Ke2 d4 21. Rac1 Qxd7 22. Bf4 e5 23. Bc4+ Kh8 24. Rhd1 Qe7 25. Bg3 e4 26. Qf4 Qc5 27. Qc7 Rac8 28. Qxc5 bxc5 29. Bd6 Rf6 30. Be7 Rg6 31. Kf1 Bb2 32. Bf7 Bxc1 33. Bxg6 Bxa3 34. Bxf5 Rc7 35. b6 Rxe7 36. Bc8 e3 37. Ke2 Rf7 38. b7 Rf2+ 39. Kd3 Rb2 40. Ra1 e2 41. Re1 c4+ 42. Kxd4 Bd6 43. g3 a4 44. Be6 a3 45. Bxc4 a2 46. Kd5 Bb8 47. Bxe2 Rb1 48. Bd1 h5 49. Re8+ Kh7 50. Bc2+ Kh6 51. h4 Rb6 1-0

[Event "Juiz de Fora op"]
[Site "Juiz de Fora"]
[Date "2014.09.28"]
[Round "5"]
[White "Gomes, Luis Gustavo M Nev"]
[Black "Pereira, Marcos Luciano"]
[Result "1-0"]
[WhiteElo "2005"]
[BlackElo "1860"]
[PlyCount "57"]
[EventDate "2014.09.26"]
[EventType "swiss"]
[EventRounds "6"]
[EventCountry "BRA"]
[SourceTitle "CBM 162 Extra"]
[Source "ChessBase"]
[SourceDate "2014.10.17"]
[SourceVersion "1"]
[SourceVersionDate "2014.10.17"]
[SourceQuality "1"]

1. e4 e6 2. d4 d5 3. e5 c5 4. c3 Nc6 5. Nf3 Nge7 6. Na3 a6 7. Be2 Bd7 8. 0-0 Nf5 9. Nc2 Qb6 10. dxc5 Bxc5 11. g4 Nh6 12. b4 Be7 13. h3 f5 14. exf6 Bxf6 15. Be3 Qc7 16. g5 Nf5 17. gxf6 gxf6 18. Kh1 Ne5 19. Nxe5 Qxe5 20. Bh5+ Ke7 21. Bc5+ Nd6 22. Re1 Qf5 23. Bg4 Qg6 24. Qxd5 Bc6 25. Rxe6+ Kf7 26. Bf3 Bxd5 27. Bxd5 Qd3 28. Rxd6+ Kg6 29. Bf7+ 1-0